| 000 | 00532nam a22001697a 4500 | ||
|---|---|---|---|
| 003 | OSt | ||
| 005 | 20260122035812.0 | ||
| 008 | 260122b |||||||| |||| 00| 0 eng d | ||
| 020 | _a0-02-146615-7. | ||
| 040 |
_aDWCL-Main lib _cOC |
||
| 082 | _aGR. 917.3 Un58 1997 | ||
| 245 |
_aUnited States adventure in time and place : _bpractice book and project book |
||
| 260 |
_aN. Y. : _bMcMillan/McGraw-Hill, _cc1997. |
||
| 300 |
_ai, 147 pages : _billustration ; _c27 cm. |
||
| 650 | _21. United States-Geaography. | ||
| 942 |
_2ddc _cGR _kGR. _n0 |
||
| 999 |
_c7682 _d7682 |
||